| 000 | 00495nam a2200157 i 4500 | ||
|---|---|---|---|
| 001 | 88168 | ||
| 003 | ES-MaACL | ||
| 005 | 20230906175819.0 | ||
| 007 | t| | ||
| 008 | 050103s1954 sp ||||1| spa d | ||
| 100 | 1 |
_aLafuente Vidal, José. _969544 |
|
| 245 | 1 | 4 |
_aLas ruinas de la antigua Lucentum _b: la Alicante de hace veinte siglos / _cpor José Lafuente Vidal. |
| 260 |
_a[S.l. : _bs.n., _c1954] ( _eAlicante : _fReus) |
||
| 300 |
_a33 p. ; _c16 cm. |
||
| 852 |
_aES-MaACL _j1968-F-4 _bR.36713 |
||
| 999 |
_c88168 _d88168 |
||